Anales del imperio romano /
Guardado en:
| Autor Principal: | |
|---|---|
| Formato: | Libro |
| Publicado: |
Madrid :
Sarpe,
1986
|
| Series: | Biblioteca De La Historia ; 55
|
| Materias: | |
| Etiquetas: |
Agregar Etiqueta
Sin Etiquetas, Sea el primero en etiquetar este registro!
|
| LEADER | 00626nam a22002175a 4500 | ||
|---|---|---|---|
| 001 | EHU.bham027375 | ||
| 003 | AR-BHAM | ||
| 005 | 20121017161554.0 | ||
| 008 | 130507s1986##################000#0#####d | ||
| 082 | 8 | 7 | |a 878 |
| 100 | 1 | |a Tacito, Cayo C. | |
| 245 | 1 | 0 | |a Anales del imperio romano / |c Cayo C. Tacito |
| 260 | |a Madrid : |b Sarpe, |c 1986 | ||
| 300 | |a 403 p. | ||
| 490 | 0 | |a Biblioteca De La Historia ; 55 | |
| 500 | |a Trad. Por Carlos Coloma | ||
| 653 | |a Biblioteca de la historia | ||
| 653 | |a Literatura latina | ||
| 653 | |a Roma | ||
| 653 | |a Historia de roma | ||
| 859 | |a AR-BHAM |b BIB. HUMANIDADES - General |h 878 |i T118-5 |p 1221.04 |t Ej.1 | ||
